| 000 | 005220000a22001810004500 | ||
|---|---|---|---|
| 090 |
_aAR _b03179 |
||
| 245 | 1 | 0 | _aMachris brazilian expedition |
| 650 | 1 | 4 |
_aBotánica _9361 |
| 650 | 1 | 4 |
_aExpediciones científicas _992957 |
| 650 | 1 | 4 |
_aTaxonomía vegetal _992262 |
| 650 | 1 | 4 |
_aDistribución geográfica _992997 |
| 650 | 1 | 4 |
_aMorfología vegetal _918295 |
| 651 | 4 |
_pBrasil _992749 |
|
| 041 | 0 | _aInglés | |
| 100 | 1 |
_aWurdack, John J. _917952 |
|
| 942 | _cARTICULO | ||
| 773 | 1 |
_tContributions in Science _31396 _h28 _q1-10 _d1959 |
|
| 999 |
_c12234 _d12234 |
||